LESIONE OF SARCOIDOSIS A PROBLEM SOLVING APPROACH (Record no. 14328)

MARC details
000 -LEADER
fixed length control field 00273nam a22001217a 4500
003 - CONTROL NUMBER IDENTIFIER
control field SGT
082 ## - DEWEY DECIMAL CLASSIFICATION NUMBER
Classification number 616.995
Item number L14S
100 ## - MAIN ENTRY--PERSONAL NAME
Personal name SHARMA,OM
245 ## - TITLE STATEMENT
Title LESIONE OF SARCOIDOSIS A PROBLEM SOLVING APPROACH
260 ## - PUBLICATION, DISTRIBUTION, ETC. (IMPRINT)
Place of publication, distribution, etc INDIA
Name of publisher, distributor, etc JAYPEE
Year of Publication 2014
300 ## - PAGE DESCRIPTION
No. of Pages 187
942 ## - ADDED ENTRY ELEMENTS (KOHA)
Source of classification or shelving scheme Dewey Decimal Classification
Koha item type Books
Holdings
Withdrawn status Lost status Source of classification or shelving scheme Damaged status Not for loan Collection code Home library Current library Shelving location Date acquired Vendor Name Cost, normal purchase price SGTU Bill Number Total Checkouts Full call number Accession No. (Barcode) Date last seen Bill Date Koha item type
    Dewey Decimal Classification     MEDICAL SGT Medical Library SGT Medical Library Text Book 28/12/2017 ABC DELHI 775.00 SGTU 8707   616.995 L14S FM9243 28/12/2017 08/08/2017 Books
    Dewey Decimal Classification     MEDICAL SGT Medical Library SGT Medical Library Text Book 28/12/2017 ABC DELHI 775.00 SGTU 8707   616.995 L14S FM9244 28/12/2017 08/08/2017 Books
    Dewey Decimal Classification     MEDICAL SGT Medical Library SGT Medical Library Text Book 28/12/2017 ABC DELHI 775.00 SGTU 8707   616.995 L14S FM9245 28/12/2017 08/08/2017 Books